| 000 | 00821nam a22001935i 4500 | ||
|---|---|---|---|
| 001 | 156725 | ||
| 003 | ES-MaACL | ||
| 005 | 20251017063108.0 | ||
| 008 | 040805s1841 mm |||| | ita d | ||
| 040 |
_aCAM _bspa _cCAM |
||
| 100 | 1 |
_aLa Mennais, Felicité Robert de, _cAbbé _9128519 |
|
| 245 | 1 | 3 |
_aIl paese ed il governo / _cdi F. Lamennais ; traduzione dal francese nell'idioma italiano fatta da Salvatore Costanzo, e dal medesimo arricchita di una prefazione et di note. |
| 260 |
_aMalta : _b[s.n.], _c1841 ( _fTipografia Izzo e C.) |
||
| 300 |
_aVI, 104, [2] p. ; _c14 cm. |
||
| 651 | 4 |
_aFrancia- _xPolítica y gobierno. _98706 |
|
| 700 | 1 | 1 |
_aCostanzo, Salvador. _941130 |
| 852 |
_aES-MaACL _jT-200-F-4 _z-- Enc. hol., falto de la cub. original _z-- Enc. en un vol. facticio |
||
| 999 |
_c156725 _d156725 |
||